Fronteras de la economía del desarrollo: el futuro en perspectiva
Guardat en:
| Autors principals: | , |
|---|---|
| Format: | Llibre |
| Idioma: | espanyol |
| Publicat: |
Bogotá
Alfaomega
2002
|
| Matèries: | |
| Etiquetes: |
Afegir etiqueta
Sense etiquetes, Sigues el primer a etiquetar aquest registre!
|
MARC
| LEADER | 00000nam a2200000 a 4500 | ||
|---|---|---|---|
| 001 | UCL2685 | ||
| 003 | CL-VaPUC | ||
| 008 | 031031e20020000CK |||||||||||||||||spa|d | ||
| 020 | |a 9586823725 | ||
| 082 | 0 | 4 | |a 338.9 |b MEI |2 21 |
| 100 | |a Meier, Gerald M. |e autor |9 479815 | ||
| 700 | 0 | |a Stiglitz, Joseph E |e author |9 479816 | |
| 245 | 1 | 0 | |a Fronteras de la economía del desarrollo: el futuro en perspectiva |
| 300 | |a 579 p | ||
| 942 | |c BK | ||
| 945 | |d 20031031 00:00:00 |a cmena | ||
| 260 | |a Bogotá |b Alfaomega |c 2002 | ||
| 650 | 0 | |a Desarrollo económico |9 259599 | |
| 650 | 0 | |a Cambio social |9 256857 | |
| 650 | 0 | |a Pobreza |9 258652 | |
| 650 | 0 | |a Teorías económicas |9 270968 | |
| 583 | |a last modification |c 20130421 11:27:30 |k Rodrigo Vera | ||
| 999 | |c 305929 |d 305927 | ||
| 952 | |0 0 |1 0 |4 0 |6 338_900000000000000_MEI_2002 |7 0 |8 A |9 370490 |a BIBENE |b BIBENE |d 2019-11-21 |i 3959775 |o 338.9 MEI 2002 |p 3959775 |r 2025-01-15 |w 2019-11-21 |y BK |k ICO | ||